Dan Schneider shows - Statistics

General Stats
  • This quiz has been taken 50 times
  • The average score is 6 of 13
Answer Stats
Hint Answer % Correct
iCarly
97%
Victorious
89%
Sam and cat
82%
Drake and josh
79%
Zoey 101
68%
Henry danger
66%
All that
47%
The Amanda show
42%
Head of the class
16%
What I like about you
16%
Guys like us
13%
Home free
11%
Wendell and vinnie
5%
No matching quizzes found
Score Distribution
Percent of People with Each Score
Percentile by Number Answered
Your Score History
You have not taken this quiz